000 00902nam a2200253Ia 4500
003 OSt
005 20220923212602.0
006 a|||||r|||| 00| 0
007 ta
008 220922b |||||||| |||| 00| 0 hin d
024 _a154,231
037 _cTextual
040 _aARTS
_cARTS
_bhin
041 _2hin
_ahin
082 _aO152vN6, L7
100 _aखण्डेलवाल, जयकिशन प्रसाद
_9158744
245 0 _aहिन्दी साहित्य की प्रवृतियांॅं
246 _aHindī sāhitya kī pravṛutiyāanॅan
250 _aसंस्क 10
260 _aदिल्ली
_b विनोद पुस्तक मन्दिर
_c1977
300 _a792 पृ.
_ccm.
942 _hO152vN6, L7
_cTEXL
_2CC
999 _c309859
_d309859